Debating difference: (Record no. 50960)

MARC details
000 -LEADER
fixed length control field 01042nam a22002657a 4500
005 - DATE AND TIME OF LATEST TRANSACTION
control field 20250522164233.0
010 ## - LCCN (DPL NO)
LC control number ENG-144974 ENG-102092 B-463945 B-687527-530
020 ## - INTERNATIONAL STANDARD BOOK NUMBER
International Standard Book Number 9780198067504
Terms of availability 745.00
020 ## - INTERNATIONAL STANDARD BOOK NUMBER
International Standard Book Number 9780199453375
Terms of availability 495.00
020 ## - INTERNATIONAL STANDARD BOOK NUMBER
International Standard Book Number 019806750x
Terms of availability 745.00
035 ## - SYSTEM CONTROL NUMBER
System control number EN-85625 B-463945
035 ## - SYSTEM CONTROL NUMBER
System control number B-687527-530
035 ## - SYSTEM CONTROL NUMBER
System control number EN-128506
037 ## - SOURCE OF ACQUISITION
Source of stock number/acquisition DBAD
082 00 - DEWEY DECIMAL CLASSIFICATION NUMBER
Classification number 323.154
100 ## - MAIN ENTRY--PERSONAL NAME
Personal name Bajpai, Rochana
245 00 - TITLE STATEMENT
Title Debating difference:
Statement of responsibility, etc by Rochana Bajpai
Remainder of title group rights and liberal democracy in India /
260 ## - PUBLICATION, DISTRIBUTION, ETC. (IMPRINT)
Place of publication, distribution, etc New Delhi
Name of publisher, distributor, etc Oxford University Press
Date of publication, distribution, etc 2011
270 ## - ADDRESS
Address YMCA Library Building, Jai Singh Road
City New Delhi
Postal code 110001
300 ## - PHYSICAL DESCRIPTION
Extent xiv,324p.
Dimensions 23cm (Hb)
300 ## - PHYSICAL DESCRIPTION
Extent xiv,324p.
Dimensions 22cm (pb)
500 ## - GENERAL NOTE
General note Includes bibliographical references and index
942 ## - ADDED ENTRY ELEMENTS (KOHA)
Source of classification or shelving scheme Dewey Decimal Classification
Item type English Books
Classification part 323.154
Call number suffix BAJ
Holdings
Withdrawn status Lost status Not for loan Collection code Home library Current library Date acquired Source of acquisition Cost, normal purchase price Full call number Barcode Copy number Cost, replacement price Koha item type
      Non-fiction Ashok Vihar Ashok Vihar 02/07/2018 Uppal 14884 04-12-2017/691/ 20-11-2017/ 10-01-2018 495.00 323.154 BAJ B-687528 1 495.00 English Books
      Non-fiction Central Library Central Library 14/09/2012 7876/8.02.2012/17/16.01.2012/17.02.2012 745.00 323.154 BAJ B-463945 1 745.00 English Books
      Non-fiction Central Library Central Library 02/07/2018 Uppal 14884 04-12-2017/691/ 20-11-2017/ 10-01-2018 495.00 323.154 BAJ B-687527 1 495.00 English Books
    Not For Loan Non-fiction D.B.Act.Division D.B.Act.Division 10/03/2011 DBAD/PUB 745.00 323.154 BAJ EN-85625 1 745.00 English Books
    Not For Loan Non-fiction D.B.Act.Division D.B.Act.Division 22/05/2025 Delivery of Books Act Division 495.00 323.154 BAJ EN-128506 1 495.00 English Books
      Non-fiction Janak Puri Janak Puri 02/07/2018 Uppal 14884 04-12-2017/691/ 20-11-2017/ 10-01-2018 495.00 323.154 BAJ B-687529 1 495.00 English Books
      Non-fiction Sarojini Nagar Sarojini Nagar 02/07/2018 Uppal 14884 04-12-2017/691/ 20-11-2017/ 10-01-2018 495.00 323.154 BAJ B-687530 1 495.00 English Books

© Delhi Public Library
Hit Counter
free hit counter